US Geography by Letter - A - Statistics

General Stats
  • This quiz has been taken 142 times
    102 since last reset
  • The average score is 8 of 14
Answer Stats
Hint Answer % Correct
Biggest city of Georgia? Atlanta
99%
A state that borders Mexico Arizona
98%
Biggest city in Texas Austin
98%
Mountain Range on the East Coast Appalachian
89%
What city in California hosts Disneyland? Anaheim
88%
Major tributary of the Mississippi River, named after a state. Arkansas River
86%
Capital of Maryland? Annapolis
85%
City where Michigan Stadium is? Ann Arbor
61%
City in Colorado nicknamed 'The Sunrise of Colorado' Aurora
43%
National Park in eastern Utah, adjacent to the Colorado River. Arches
34%
An island belonging to Florida Amelia Island
10%
Airport in Louisiana known as AEX Alexandria International Airport
9%
Glacier southeast of Kintla Peak in Montana Agassiz Glacier
3%
Suspension bridge that connects Detroit, Michigan, with Ontario Ambassador Bridge
1%
No matching quizzes found
Score Distribution
Percent of People with Each Score
Percentile by Number Answered
Your Score History
You have not taken this quiz since the last reset